| 000 | 02391nam a22003614a 4500 | ||
|---|---|---|---|
| 001 | ebr10288124 | ||
| 003 | CaPaEBR | ||
| 006 | m u | ||
| 007 | cr cn||||||||| | ||
| 008 | 071120s2008 nyu sb 001 0 eng | ||
| 010 | _z 2007047859 | ||
| 020 | _z9781932603644 (pbk. : alk. paper) | ||
| 020 | _z1932603646 (pbk. : alk. paper) | ||
| 040 |
_aCaPaEBR _cCaPaEBR |
||
| 035 | _a(OCoLC)327854445 | ||
| 043 | _an-us--- | ||
| 050 | 1 | 4 |
_aRC377 _b.R85 2008eb |
| 082 | 0 | 4 |
_a362.196/834 _222 |
| 100 | 1 | _aRumrill, Phillip D. | |
| 245 | 1 | 0 |
_aEmployment issues and multiple sclerosis _h[electronic resource] / _cPhillip D. Rumrill Jr., Mary L. Hennessey, Steven W. Nissen ; with invited contributors. |
| 250 | _a2nd ed. | ||
| 260 |
_aNew York : _bDemos Health ; _aBerkeley, Calif. : _bDistributed to the trade by Publishers Group West, _cc2008. |
||
| 300 | _axiv, 246 p. | ||
| 504 | _aIncludes bibliographical references and index. | ||
| 505 | 0 | _aOverview of multiple sclerosis / Mary L. Hennessey and Phillip D. Rumrill, Jr -- Factors associated with employment status / Phillip D. Rumrill, Jr. and Mary L. Hennessey -- Vocational assessment strategies / Richard T. Roessler -- Employment and career development interventions / Steven W. Nissen, Phillip D. Rumrill, Jr., and Mary L. Hennessey -- Employment and the Americans with Disabilities Act / Mary L. Hennessey and Phillip D. Rumrill, Jr -- Federal laws concerning continuation of benefits, health insurance portability, and family and medical leave / Kimberly Calder -- Social security disability benefits / Steven W. Nissen, Phillip D. Rumrill, Jr., and Mary L. Hennessey -- An employment perspective from the National Multiple Sclerosis Society / Steven W. Nissen -- Policy, programming, and research recommendations to improve the employment prospects of people with multiple sclerosis / Phillip D. Rumrill, Jr. | |
| 533 |
_aElectronic reproduction. _bPalo Alto, Calif. : _cebrary, _d2013. _nAvailable via World Wide Web. _nAccess may be limited to ebrary affiliated libraries. |
||
| 650 | 0 |
_aMultiple sclerosis _xPatients _xEmployment _zUnited States. |
|
| 655 | 7 |
_aElectronic books. _2local |
|
| 700 | 1 | _aHennessey, Mary L. | |
| 700 | 1 | _aNissen, Steven W. | |
| 710 | 2 | _aebrary, Inc. | |
| 856 | 4 | 0 |
_uhttp://site.ebrary.com/lib/rucke/Doc?id=10288124 _zAn electronic book accessible through the World Wide Web; click to view |
| 999 |
_c913 _d913 |
||